00561 2200181 4500001002100000005001500021035002000036008004100056245006500097100002100162260006800183300001900251020002200270084002100292082001100313650003500324990002000359INLIS00000000000792920260424031133 a0010-0426000117260424 0 ind 1 aMenggagas Otonomi Khusus Kalimantan Timur /cM. Agus Santoso aSantoso, M. Agus aKalimantan Timur :bPemerintah Provinsi Kalimantan Timur,c2014 a108 ;c20 x 13 a978-602-1271-02-5 a352283 SAN M C.1 a352283 4aOtonomi Daerah Secara Spesifik a260311200011269